Culture Générale - Clic Quiz - La réponse est en emoji par IA #22 - Statistiques

Statistiques générales
  • Ce quiz a été pris 193 fois
  • Le résultat moyen est 20 sur 40
Statistiques - réponses
Hint Réponse % Correct
Peter Pan
96%
Père Noël
96%
Zorro
93%
Justin Bieber
91%
R2-D2
89%
Rubeus Hagrid
86%
C-3PO
84%
Django (Django unchained)
77%
Manuel Neuer
73%
Thibaut Courtois
73%
Conor McGregor
70%
Yann Sommer
61%
Dominique de Villepin
60%
Iker Casillas
60%
Louis Pasteur
58%
Jean-Michel Aulas
57%
Oliver Kahn
56%
Jean-Pierre Raffarin
52%
Don Camillo
51%
Shia LaBeouf
51%
Miles Davis
49%
Charles Ingalls (Michael Landon)
48%
Abdel Fattah al-Sissi
48%
Forest Whitaker
44%
Christoph Waltz
39%
Lord Byron
39%
Pete Doherty
39%
Terry Crews
37%
Joe Duplantier (Gojira)
35%
Chris Jericho
28%
Victor Newman (Eric Braeden)
27%
Keith Moon (The Who)
24%
Pierre Bourdieu
24%
George Smith Patton, Jr.
21%
Donald Tusk
20%
Geert Wilders
16%
Lars Ulrich (Metallica)
14%
Gordon Brown
14%
R.L Stine
11%
Daniel Negreanu
10%
Aucun quiz correspondant
Distribution des résultats
% des personnes avec chaque résultat
Percentile par nombre de réponses
Votre historique - résultats
Vous n’avez pas pris ce quiz